header

Lincoln (Record no. 21565)

MARC details
000 -LEADER
fixed length control field 01424nam a2200349Ia 4500
100 1# - MAIN ENTRY--AUTHOR NAME
Personal name Guelzo, Allen C.
245 10 - TITLE STATEMENT
Title Lincoln
260 ## - PUBLICATION, DISTRIBUTION, ETC. (IMPRINT)
Place of publication Oxford ;
-- New York :
Name of publisher Oxford University Press,
Year of publication c2009.
300 ## - PHYSICAL DESCRIPTION
Number of Pages 147 p. :
Other physical details ill., maps.
490 1# - SERIES STATEMENT
Series statement Very short introductions ;
650 #0 - SUBJECT ADDED ENTRY--TOPICAL TERM
Topical Term Presidents
856 40 - ELECTRONIC LOCATION AND ACCESS
Uniform Resource Identifier http://site.ebrary.com/lib/rucke/Doc?id=10273051

No items available.

© 2026 Rongo University
Contact us: librarian | system librarian | Rongo university